The Laws of the Sun / (Record no. 209413)

MARC details
000 -LEADER
fixed length control field 00808nam a22002177a 4500
005 - DATE AND TIME OF LATEST TRANSACTION
control field 20250903162635.0
010 ## - LCCN (DPL NO)
LC control number B-762545-555 ENG-146718 BACEN25
020 ## - INTERNATIONAL STANDARD BOOK NUMBER
International Standard Book Number 9789348098962
Terms of availability 425.00
035 ## - SYSTEM CONTROL NUMBER
System control number B-762545-555
035 ## - SYSTEM CONTROL NUMBER
System control number EN-130250
037 ## - SOURCE OF ACQUISITION
Source of stock number/acquisition A Jaico Book
037 ## - SOURCE OF ACQUISITION
Source of stock number/acquisition DBAD
Stock number DPL
082 ## - DEWEY DECIMAL CLASSIFICATION NUMBER
Classification number 158.4
100 ## - MAIN ENTRY--PERSONAL NAME
Personal name Okawa ,Ryuho
245 ## - TITLE STATEMENT
Title The Laws of the Sun /
Statement of responsibility, etc by Ryuho Okawa
260 ## - PUBLICATION, DISTRIBUTION, ETC. (IMPRINT)
Place of publication, distribution, etc Mumbai
Name of publisher, distributor, etc Jaico Publishing house
Date of publication, distribution, etc 2025
270 ## - ADDRESS
Address A-2,jash chember
City Mumbai
Postal code 400001
300 ## - PHYSICAL DESCRIPTION
Extent 266p.
Dimensions 20cm(pbk)
942 ## - ADDED ENTRY ELEMENTS (KOHA)
Source of classification or shelving scheme Dewey Decimal Classification
Item type English Books
Classification part 158.4
Call number suffix OKA
Holdings
Withdrawn status Lost status Not for loan Collection code Home library Current library Date acquired Source of acquisition Cost, normal purchase price Full call number Barcode Copy number Cost, replacement price Koha item type
      Non-fiction Bawana Bawana 04/07/2025 A Jaiko Book/SINVDEL242508563/18.3.25/41/15.3.25/21.3.25 425.00 158.4 OKA B-762554 1 425.00 English Books
      Non-fiction Central Library Central Library 04/07/2025 A Jaiko Book/SINVDEL242508563/18.3.25/41/15.3.25/21.3.25 425.00 158.4 OKA B-762545 1 425.00 English Books
      Non-fiction Janak Puri Janak Puri 04/07/2025 A Jaiko Book/SINVDEL242508563/18.3.25/41/15.3.25/21.3.25 425.00 158.4 OKA B-762550 1 425.00 English Books
      Non-fiction Mobile Library Mobile Library 04/07/2025 A Jaiko Book/SINVDEL242508563/18.3.25/41/15.3.25/21.3.25 425.00 158.4 OKA B-762546 2 425.00 English Books
      Non-fiction Mobile Library Mobile Library 04/07/2025 A Jaiko Book/SINVDEL242508563/18.3.25/41/15.3.25/21.3.25 425.00 158.4 OKA B-762547 2 425.00 English Books
      Non-fiction Mobile Library Mobile Library 03/09/2025 Delivery of Books Act Division 425.00 158.4 OKA EN-130250 1 425.00 English Books
      Non-fiction Patel Nagar Patel Nagar 04/07/2025 A Jaiko Book/SINVDEL242508563/18.3.25/41/15.3.25/21.3.25 425.00 158.4 OKA B-762548 1 425.00 English Books
      Non-fiction Peshwa Road Peshwa Road 04/07/2025 A Jaiko Book/SINVDEL242508563/18.3.25/41/15.3.25/21.3.25 425.00 158.4 OKA B-762549 1 425.00 English Books
      Non-fiction R.K.Puram-8 R.K.Puram-8 04/07/2025 A Jaiko Book/SINVDEL242508563/18.3.25/41/15.3.25/21.3.25 425.00 158.4 OKA B-762552 1 425.00 English Books
      Non-fiction Sarojini Nagar Sarojini Nagar 04/07/2025 A Jaiko Book/SINVDEL242508563/18.3.25/41/15.3.25/21.3.25 425.00 158.4 OKA B-762551 1 425.00 English Books
      Non-fiction Shahdara Branch Shahdara Branch 04/07/2025 A Jaiko Book/SINVDEL242508563/18.3.25/41/15.3.25/21.3.25 425.00 158.4 OKA B-762555 1 425.00 English Books
      Non-fiction Vinoba Puri Vinoba Puri 04/07/2025 A Jaiko Book/SINVDEL242508563/18.3.25/41/15.3.25/21.3.25 425.00 158.4 OKA B-762553 1 425.00 English Books

© Delhi Public Library
Hit Counter
free hit counter